Voivodeships of the Second Polish Republic - Statistics

General Stats
  • This quiz has been taken 40 times
  • The average score is 11 of 17
Answer Stats
Voivodeship % Correct
Warsaw
90%
Krakow
84%
Lwow
84%
Silesian
77%
Wilno
74%
City of Warsaw
71%
Lodz
71%
Bialystok
68%
Pomeranian
68%
Lublin
65%
Poznan
61%
Stanislawow
55%
Polesie
45%
Wolyn
42%
Kielce
32%
Nowogrodek
32%
Tarnopol
32%
No matching quizzes found
Score Distribution
Percent of People with Each Score
Percentile by Number Answered
Your Score History
You have not taken this quiz